Quiz o Sierra Leone - Statystyki

Ogólne statystyki
  • Ten quiz został rozwiązany 659 razy
    647 od ostatniego zresetowania
  • Średni wynik to 10 z 15
Statystyki odpowiedzi
Wskazówka Odpowiedź % Poprawnych
Język urzędowy angielski
95%
Państwa graniczące Gwinea
90%
Najpopularniejsza religia Islam
89%
Państwa graniczące Liberia
89%
Co nie zostało zniesione do 1928 roku? Niewolnictwo
85%
Epidemia choroby, która zabiła3956 osób w latach 2013–2016 Wirus {Ebola}
83%
Imperium, które rządziło Sierra Leone w latach 1808–1961 Imperium {Brytyjskie}
77%
Stolica Freetown
76%
Najważniejszy eksport Diamenty
57%
Sierra Leone jest 4. od końca pod względemśredniej ____ ____ ___ Oczekiwanej długości życia
52%
Znaczenie słowa „Sierra Leone" Góry Lwie
44%
Najważniejsza podstawowa roślina uprawna Ryż
40%
Film z 2006 roku o handlu powyższymi produktami, z udziałem Leonardo DiCaprio Krwawy diament
39%
Waluta Leone
38%
Stolica została założona częściowo jako miejsce dla Czarnych, którzywalczyli po lojalistycznej stronie tej wojny Rewolucja {amerykańska}
29%
Nie znaleziono quizów pasujących do podanych kryteriów
Rozkład punktacji
Procent ludzi z każdym wynikiem
Percentyl według liczby udzielonych odpowiedzi
Twoja historia wyników
Nie rozwiązałeś tego quizu od ostatniego zresetowania